00445nam a22001337a 4500003000400000008004100004082001700045100002200062245014200084260003200226300000900258502001500267650002900282OSt260429b |||||||| |||| 00| 0 eng d a634.44bM29E aMandal, Jagannath aEffect of Different Age and Height of Root Stock on Success of Soft Wood Grafting in Different Cultivators of Mango (Mangifera Indica L.) aPusa, SamastipurbRAUc2009 a70P. bMsc.d2010 aFruit & Fruit Technology